The dark sun / Erin Hunter.
Available copies
- 2 of 2 copies available at LARL/NWRL Consortium.
Current holds
0 current holds with 2 total copies.
Show Only Available Copies
| Location | Call Number / Copy Notes | Barcode | Shelving Location | Status | Due Date |
|---|---|---|---|---|---|
| Red Lake Falls Public Library | j HUN (Text) | 35500006724577 | Main | Available | - |
| Roseau Public Library | j HUN (Text) | 35500006724452 | Main | Available | - |
Record details
- ISBN: 9780063022119
- ISBN: 0063022117
- Physical Description: 242 pages : illustrations ; 22 cm.
- Edition: First edition.
- Publisher: New York, NY : Harper, an imprint of HarperCollinsPublishers, [2023]
Content descriptions
| Summary, etc.: | "The Bamboo Kingdom is once again safely led by ... Read More |
Search for related items by subject
| Subject: | Pandas > Juvenile fiction. Siblings > Juvenile fiction. Imaginary places > Juvenile fiction. Pandas > Fiction. Siblings > Fiction. Fantasy. |
| Genre: | Fantasy fiction. Animal fiction. Novels. |
Search for related items by series
| LDR | 01951cam a2200457Ii 4500 | ||
|---|---|---|---|
| 001 | 425010 | ||
| 003 | LARL_NWRL_CONSORTIUM | ||
| 005 | 20231023134317.0 | ||
| 008 | 231012s2023 nyua c 000 1 eng d | ||
| 010 | . | ‡abl2023169570 | |
| 040 | . | ‡aIMmBT ‡beng ‡cOQX ‡erda ‡dOQX ‡dYDX ‡dBDX ‡dIOU ‡dVRP | |
| 019 | . | ‡a1365610301 | |
| 020 | . | ‡a9780063022119 ‡qhc. | |
| 020 | . | ‡a0063022117 ‡qhc. | |
| 035 | . | ‡a(OCoLC)1402286047 ‡z(OCoLC)1365610301 | |
| 082 | 0 | 4. | ‡a[Fic] ‡223/eng/20231011 |
| 100 | 1 | . | ‡aHunter, Erin, ‡eauthor. ‡0(LARL_NWRL_CONSORTIUM)157083 |
| 245 | 1 | 4. | ‡aThe dark sun / ‡cErin Hunter. |
| 250 | . | ‡aFirst edition. | |
| 264 | 1. | ‡aNew York, NY : ‡bHarper, an imprint of HarperCollinsPublishers, ‡c[2023] | |
| 300 | . | ‡a242 pages : ‡billustrations ; ‡c22 cm. | |
| 336 | . | ‡atext ‡2rdacontent | |
| 337 | . | ‡aunmediated ‡2rdamedia | |
| 338 | . | ‡avolume ‡2rdacarrier | |
| 490 | 0 | . | ‡aBamboo kingdom ; ‡v4 |
| 520 | . | ‡a"The Bamboo Kingdom is once again safely led by guidance of a real Dragon Speaker-three Dragon Speakers, in fact! But a troubling vision from the Great Dragon warns of a "Dark Sun" coming soon. And while Rain, Leaf, and Ghost argue amongst themselves about what it means, the monkeys are hatching a plan to use this moment of uncertainty to their best advantage... Unless the pandas learn to trust each other, their biggest challenges may still lurk on the horizon..."-- ‡cProvided by publisher. | |
| 650 | 0. | ‡aPandas ‡vJuvenile fiction. | |
| 650 | 0. | ‡aSiblings ‡vJuvenile fiction. | |
| 650 | 0. | ‡aImaginary places ‡vJuvenile fiction. | |
| 650 | 1. | ‡aPandas ‡vFiction. | |
| 650 | 1. | ‡aSiblings ‡vFiction. | |
| 650 | 1. | ‡aFantasy. ‡0(LARL_NWRL_CONSORTIUM)19981 | |
| 655 | 7. | ‡aFantasy fiction. ‡2lcgft | |
| 655 | 7. | ‡aAnimal fiction. ‡2lcgft | |
| 655 | 7. | ‡aNovels. ‡2lcgft | |
| 901 | . | ‡a425010 ‡bAUTOGEN ‡c425010 ‡tbiblio | |

Add to basket
Permalink
Enable Highlighting